[Event "Czech Open GM 2019"]
[Site "Pardubice"]
[Date "2019.07.20"]
[Round "2.39"]
[White "Sylvan, Jacob"]
[Black "Koubova, Anna Marie"]
[Result "1-0"]
[WhiteElo "2326"]
[BlackElo "2094"]
[Annotator "NA"]
[PlyCount "47"]
[EventDate "2019.07.19"]
[EventType "swiss"]
[EventCountry "CZE"]
[SourceTitle "playchess.com"]
[Source "ChessBase"]
[SourceQuality "1"]

1. c4 Nf6 2. g3 g6 3. Bg2 Bg7 4. Nc3 O-O 5. e4 d6 6. Nge2 c5 7. O-O Nc6 8. d3 Bd7 9. h3 Rb8 10. f4 a6 11. a4 Nd4 12. Nxd4 cxd4 13. Ne2 e5 14. b4 b5 15. cxb5 axb5 16. a5 Bc6 17. g4 Ne8 18. f5 d5 19. Ng3 dxe4 20. Bxe4 Bxe4 21. Nxe4 gxf5 22. gxf5 Qh4 23. Bg5 Qxh3 24. Ra2 1-0

[Event "Czech Open GM 2019"]
[Site "Pardubice"]
[Date "2019.07.20"]
[Round "2.40"]
[White "Voinikonis, Nikita"]
[Black "Manik, Mikulas"]
[Result "0-1"]
[WhiteElo "2137"]
[BlackElo "2377"]
[Annotator "NA"]
[PlyCount "90"]
[EventDate "2019.07.19"]
[EventType "swiss"]
[EventCountry "CZE"]
[SourceTitle "playchess.com"]
[Source "ChessBase"]
[SourceQuality "1"]

1. d4 f5 2. Bg5 h6 3. Bh4 g5 4. e3 Nf6 5. Bg3 d6 6. c4 e6 7. Nc3 Qe7 8. h4 Rg8 9. hxg5 hxg5 10. Nf3 a6 11. Qa4+ Nbd7 12. O-O-O Kf7 13. Bd3 b5 14. cxb5 Nb6 15. Qb3 axb5 16. Bxf5 Bb7 17. Bh7 Nxh7 18. Rxh7+ Bg7 19. Qxb5 Bxf3 20. gxf3 Rgb8 21. Qd3 Qf6 22. f4 g4 23. Ne4 Qf5 24. Ng5+ Kg8 25. e4 Qg6 26. Kb1 c5 27. e5 Qxd3+ 28. Rxd3 Nc4 29. b3 Na3+ 30. Kb2 c4 31. Re3 Nb5 32. bxc4 Nxd4+ 33. Kc3 Nf5 34. Rd3 dxe5 35. fxe5 Ra3+ 36. Kd2 Rxa2+ 37. Ke1 Nxg3 38. fxg3 Bxe5 39. Rhd7 Rb1+ 40. Rd1 Rbb2 41. Rd8+ Kg7 42. R1d7+ Kg6 43. Nxe6 Rh2 44. Nf8+ Kg5 45. Rh7 Ra1+ 0-1

[Event "Czech Open GM 2019"]
[Site "Pardubice"]
[Date "2019.07.20"]
[Round "2.40"]
[White "Balazs, Balint"]
[Black "Van Dael, Siem"]
[Result "0-1"]
[WhiteElo "2100"]
[BlackElo "2319"]
[Annotator "NA"]
[PlyCount "126"]
[EventDate "2019.07.19"]
[EventType "swiss"]
[EventCountry "CZE"]
[SourceTitle "playchess.com"]
[Source "ChessBase"]
[SourceQuality "1"]

1. d4 Nf6 2. Nf3 g6 3. g3 Bg7 4. Bg2 O-O 5. O-O d6 6. c4 Bf5 7. Nh4 Be4 8. f3 Bc6 9. e4 e5 10. d5 Bd7 11. Nc3 Nh5 12. Be3 Bf6 13. Qd2 Ng7 14. Bh6 Bxh4 15. gxh4 Qxh4 16. Bg5 Qh5 17. Bf6 h6 18. h4 Ne8 19. Be7 f5 20. Bxf8 f4 21. Bxd6 cxd6 22. Qe1 Na6 23. Nb5 Rc8 24. b3 Nac7 25. Nxc7 Rxc7 26. Rc1 b6 27. a4 Bc8 28. a5 g5 29. axb6 axb6 30. Kf2 gxh4 31. Rg1 Rg7 32. Bh1 h3 33. Rxg7+ Nxg7 34. Ke2 Qg5 35. Ra1 Nh5 36. Ra8 Ng3+ 37. Kf2 Qd8 38. Kg1 h2+ 39. Kf2 Qc7 40. Kg2 Qd7 41. Kf2 Qc7 42. Qa1 Qc5+ 43. Kg2 Ne2 44. Rxc8+ Qxc8 45. Kxh2 Qb7 46. Bg2 Qg7 47. Qe1 Nd4 48. b4 Qg5 49. Qf2 Kf7 50. b5 h5 51. Kh3 Qg6 52. Kh2 Qf6 53. Kh3 Qe7 54. Qh4 Qd7+ 55. Kh2 Kg6 56. Qh3 Qd8 57. Bf1 Kh6 58. Kg2 Qe7 59. Kf2 Qa7 60. Qg2 Qa3 61. Be2 Qc1 62. c5 Qxc5 63. Qg8 Nxf3+ 0-1

[Event "Czech Open GM 2019"]
[Site "Pardubice"]
[Date "2019.07.20"]
[Round "2.41"]
[White "Krishna Teja, N."]
[Black "Grund, Sebastian"]
[Result "1-0"]
[WhiteElo "2368"]
[BlackElo "2016"]
[Annotator "NA RC"]
[PlyCount "49"]
[EventDate "2019.07.19"]
[EventType "swiss"]
[EventCountry "CZE"]
[SourceTitle "playchess.com"]
[Source "ChessBase"]
[SourceQuality "1"]

1. d4 Nf6 2. c4 g6 3. Nc3 d5 4. Bd2 Bg7 5. cxd5 Nxd5 6. e4 Nxc3 7. Bxc3 c5 8. d5 O-O 9. Be2 Bxc3+ 10. bxc3 Qd6 11. Nf3 Bg4 12. Nd2 Bxe2 13. Qxe2 Nd7 14. O-O Rab8 15. Rab1 Qe5 16. Qe3 b5 17. f4 Qd6 18. c4 b4 19. e5 Qc7 20. Ne4 Nb6 21. Rbc1 Na4 22. d6 exd6 23. f5 Nc3 24. f6 Nxe4 25. Qh6 1-0

[Event "Czech Open GM 2019"]
[Site "Pardubice"]
[Date "2019.07.20"]
[Round "2.41"]
[White "Goriatchkin, Jouri"]
[Black "Eriksson, Christian Altenburg"]
[Result "1-0"]
[WhiteElo "2316"]
[BlackElo "2100"]
[Annotator "NA"]
[PlyCount "55"]
[EventDate "2019.07.19"]
[EventType "swiss"]
[EventCountry "CZE"]
[SourceTitle "playchess.com"]
[Source "ChessBase"]
[SourceQuality "1"]

1. d4 Nf6 2. c4 e6 3. g3 Bb4+ 4. Bd2 Qe7 5. Nc3 d5 6. Nf3 O-O 7. Bg2 Nc6 8. a3 Bxc3 9. Bxc3 Ne4 10. Qd3 Nxc3 11. Qxc3 Rd8 12. O-O a5 13. b3 Qf6 14. e3 Bd7 15. Ne5 Be8 16. Rfc1 Qe7 17. cxd5 exd5 18. Nxc6 Bxc6 19. Qc5 Qe6 20. b4 axb4 21. axb4 Rxa1 22. Rxa1 Qd7 23. Rc1 Rc8 24. Bf1 Ba4 25. b5 Qf5 26. Qa7 Bc2 27. Qxb7 Re8 28. Qc6 1-0

[Event "Czech Open GM 2019"]
[Site "Pardubice"]
[Date "2019.07.20"]
[Round "2.42"]
[White "Grela, Kacper"]
[Black "Natarov, Ilya"]
[Result "1-0"]
[WhiteElo "2354"]
[BlackElo "1981"]
[Annotator "NA"]
[PlyCount "71"]
[EventDate "2019.07.19"]
[EventType "swiss"]
[EventCountry "CZE"]
[SourceTitle "playchess.com"]
[Source "ChessBase"]
[SourceQuality "1"]

1. d4 d5 2. c4 c6 3. Nc3 Nf6 4. Nf3 e6 5. g3 dxc4 6. Bg2 Nbd7 7. O-O Be7 8. e4 O-O 9. a4 Qa5 10. Bf4 Bb4 11. Qc2 Nh5 12. Be3 e5 13. Ne2 Nhf6 14. Qxc4 exd4 15. Nexd4 Nb6 16. Qc2 Re8 17. e5 Nfd5 18. Nb3 Qa6 19. Ng5 g6 20. Bd4 Bf5 21. Ne4 Nd7 22. f4 c5 23. Bf2 Rac8 24. Rfd1 Ne7 25. Rxd7 Bxd7 26. Nf6+ Kg7 27. Nxd7 b6 28. e6 fxe6 29. Qe4 Ng8 30. Bf1 b5 31. axb5 Qd6 32. Rxa7 Re7 33. Ndxc5 Bxc5 34. Nxc5 Rxc5 35. Rxe7+ Nxe7 36. Qd4+ 1-0

[Event "Czech Open GM 2019"]
[Site "Pardubice"]
[Date "2019.07.20"]
[Round "2.42"]
[White "Zetocha, Claudiu"]
[Black "Kim, Jinsoo"]
[Result "1/2-1/2"]
[WhiteElo "2316"]
[BlackElo "2087"]
[Annotator "NA"]
[PlyCount "84"]
[EventDate "2019.07.19"]
[EventType "swiss"]
[EventCountry "CZE"]
[SourceTitle "playchess.com"]
[Source "ChessBase"]
[SourceQuality "1"]

1. d4 Nf6 2. Nf3 d5 3. c4 c6 4. e3 e6 5. Nc3 Nbd7 6. Qc2 Bd6 7. Bd3 O-O 8. O-O dxc4 9. Bxc4 e5 10. Rd1 Qe7 11. e4 exd4 12. Nxd4 Ne5 13. Be2 Rd8 14. h3 h6 15. Be3 Ng6 16. Bf1 Nf4 17. Nf3 Ng6 18. Bd4 Nd7 19. g3 Nde5 20. Nh2 f6 21. f4 Nf7 22. Qf2 b6 23. Bg2 Bb7 24. Nf1 Nf8 25. Ne3 Ne6 26. Nf5 Qf8 27. Nxd6 Nxd6 28. Be3 Nc4 29. Bf1 Nxe3 30. Qxe3 Qc5 31. Qxc5 Nxc5 32. b4 Na6 33. Bc4+ Kf8 34. a3 Nc7 35. Kf2 Ke7 36. Ke3 b5 37. Be2 Rxd1 38. Rxd1 a5 39. Bg4 Bc8 40. Bxc8 Rxc8 41. Ne2 axb4 42. axb4 Na6 1/2-1/2

[Event "Czech Open GM 2019"]
[Site "Pardubice"]
[Date "2019.07.20"]
[Round "2.43"]
[White "Willim, Michael"]
[Black "Sydoryka, Vladyslav"]
[Result "1/2-1/2"]
[WhiteElo "2071"]
[BlackElo "2315"]
[Annotator "NA"]
[PlyCount "93"]
[EventDate "2019.07.19"]
[EventType "swiss"]
[EventCountry "CZE"]
[SourceTitle "playchess.com"]
[Source "ChessBase"]
[SourceQuality "1"]

1. c4 c5 2. g3 g6 3. Bg2 Bg7 4. Nc3 Nc6 5. a3 e6 6. Rb1 Nge7 7. b4 cxb4 8. axb4 d5 9. b5 Na5 10. cxd5 exd5 11. d4 Bf5 12. Rb4 Rc8 13. Bd2 Nc4 14. e3 Qd6 15. Rb3 Na3 16. Rb2 Nc4 17. Rb3 Bd3 18. Nge2 O-O 19. O-O Nxd2 20. Qxd2 Bc4 21. Rbb1 Rc7 22. b6 axb6 23. Nb5 Bxb5 24. Rxb5 Rfc8 25. Nf4 Rc2 26. Qb4 Qd8 27. Nxd5 Nc6 28. Qb1 Nxd4 29. exd4 Bxd4 30. Qb4 R8c4 31. Qe7 Qxe7 32. Nxe7+ Kf8 33. Nd5 Rxf2 34. Rxf2 Rc1+ 35. Bf1 Rc2 36. Bd3 Rxf2 37. Kh1 Rd2 38. Bb1 h5 39. Nxb6 g5 40. Nc4 Rd1+ 41. Kg2 g4 42. h3 Rg1+ 43. Kh2 h4 44. hxg4 hxg3+ 45. Kh3 g2 46. Kh2 Rc1 47. Kxg2 1/2-1/2

[Event "Czech Open GM 2019"]
[Site "Pardubice"]
[Date "2019.07.20"]
[Round "2.43"]
[White "Skalsky, Alexandr"]
[Black "Parkhov, Yair"]
[Result "1/2-1/2"]
[WhiteElo "2049"]
[BlackElo "2354"]
[Annotator "NA"]
[PlyCount "95"]
[EventDate "2019.07.19"]
[EventType "swiss"]
[EventCountry "CZE"]
[SourceTitle "playchess.com"]
[Source "ChessBase"]
[SourceQuality "1"]

1. e4 c5 2. Nf3 Nc6 3. d4 cxd4 4. Nxd4 Nf6 5. Nc3 e5 6. Ndb5 d6 7. Bg5 a6 8. Na3 b5 9. Nd5 Be7 10. Bxf6 Bxf6 11. c4 b4 12. Nc2 O-O 13. g3 Be6 14. h4 a5 15. Bg2 Bxd5 16. Qxd5 Qb6 17. Qd3 a4 18. Ne3 Qd4 19. Qxd4 exd4 20. Nd5 Ne5 21. O-O-O Nxc4 22. Nxf6+ gxf6 23. Rxd4 Rac8 24. Kb1 Rc5 25. Bh3 Re8 26. Rhd1 Re7 27. Bf1 Rec7 28. Bxc4 Rxc4 29. Rxc4 Rxc4 30. f3 Rc6 31. Rd4 Rb6 32. Kc2 Kf8 33. Kd3 Ke7 34. b3 axb3 35. axb3 Rb8 36. Kc4 h5 37. Rd5 Rg8 38. Rxh5 Rxg3 39. Rf5 Ke6 40. Kxb4 d5 41. Rxd5 Rxf3 42. Kc4 Rf4 43. Kd4 Rxh4 44. b4 Rh1 45. b5 Rd1+ 46. Kc5 Rc1+ 47. Kb6 Rc4 48. Rd8 1/2-1/2

[Event "Czech Open GM 2019"]
[Site "Pardubice"]
[Date "2019.07.20"]
[Round "2.44"]
[White "Najdin, Danil"]
[Black "Pcola, Jaroslav"]
[Result "1-0"]
[WhiteElo "2314"]
[BlackElo "2093"]
[Annotator "NA"]
[PlyCount "83"]
[EventDate "2019.07.19"]
[EventType "swiss"]
[EventCountry "CZE"]
[SourceTitle "playchess.com"]
[Source "ChessBase"]
[SourceQuality "1"]

1. d4 e6 2. c4 f5 3. g3 Nf6 4. Bg2 c6 5. Qc2 Be7 6. Nf3 d5 7. O-O O-O 8. b3 Bd6 9. Ba3 Bxa3 10. Nxa3 Qe7 11. Qb2 Ne4 12. Nc2 Bd7 13. Ne5 Be8 14. f3 Nd6 15. Qa3 Nc8 16. c5 Nd7 17. b4 a6 18. Qc3 Qd8 19. Rab1 Nxe5 20. dxe5 Bd7 21. Nd4 Qc7 22. f4 b5 23. Nb3 Ne7 24. Ra1 Ra7 25. e3 Rfa8 26. a4 Be8 27. Bf3 Bd7 28. Rf2 Kh8 29. Ra3 Kg8 30. Rfa2 Kf8 31. Qa1 Nc8 32. h3 g6 33. g4 Be8 34. Nd4 Bd7 35. Kh1 a5 36. axb5 Ke7 37. b6 Nxb6 38. cxb6 Qxb6 39. Rxa5 Rxa5 40. bxa5 Qc7 41. gxf5 gxf5 42. Qg1 1-0

[Event "Czech Open GM 2019"]
[Site "Pardubice"]
[Date "2019.07.20"]
[Round "2.44"]
[White "Bedenko, Nikita"]
[Black "Roshka, Yevgeniy"]
[Result "0-1"]
[WhiteElo "1978"]
[BlackElo "2353"]
[Annotator "NA"]
[PlyCount "142"]
[EventDate "2019.07.19"]
[EventType "swiss"]
[EventCountry "CZE"]
[SourceTitle "playchess.com"]
[Source "ChessBase"]
[SourceQuality "1"]

1. e4 e6 2. d4 d5 3. Nc3 Bb4 4. Bd2 Nc6 5. Bb5 dxe4 6. Qg4 Nf6 7. Qxg7 Rg8 8. Qh6 Rg6 9. Qe3 Bxc3 10. Bxc6+ bxc6 11. Qxc3 Nd5 12. Qxc6+ Bd7 13. Qc5 e3 14. Bxe3 Nxe3 15. fxe3 Qh4+ 16. Kd2 Rg5 17. g3 Qh5 18. Qc3 c5 19. Ne2 cxd4 20. exd4 Rc8 21. Qe3 Rb5 22. b3 Bc6 23. Rhf1 Rd8 24. c4 Re5 25. g4 Rxe3 26. gxh5 Rh3 27. Rf2 Rxh5 28. Rg1 Kf8 29. Kc3 Be4 30. Nf4 Rf5 31. Rg5 Rf6 32. Re5 Bf5 33. d5 Ke7 34. dxe6 fxe6 35. Nh5 Kd6 36. Re1 Rh6 37. Ng3 Bg4 38. Re4 Rg8 39. Rd4+ Kc6 40. Rfd2 e5 41. Re4 Rg5 42. b4 Rh3 43. b5+ Kc7 44. Kb4 h5 45. Re1 Be6 46. Ne4 Rg4 47. Rf2 Rhh4 48. Rf6 Bd7 49. Nd6 e4 50. a4 Kd8 51. a5 Ke7 52. Rh6 Be6 53. Kc5 Bd7 54. Rh7+ Ke6 55. Rh6+ Ke7 56. Rh7+ Ke6 57. Rh6+ Ke7 58. b6 Rg5+ 59. Kd4 e3+ 60. Kd3 Rxa5 61. Rxe3+ Kf8 62. Rf6+ Kg8 63. Rg3+ Kh7 64. Rf7+ Kh6 65. b7 Ra3+ 66. Kc2 Rxh2+ 67. Kb1 Rxg3 68. Rf6+ Kh7 69. Rf7+ Kg6 70. Rf1 Rb3+ 71. Ka1 Bc6 0-1

[Event "Czech Open GM 2019"]
[Site "Pardubice"]
[Date "2019.07.20"]
[Round "2.45"]
[White "Kataev, Aleksandr"]
[Black "Seger, Ruediger"]
[Result "1-0"]
[WhiteElo "1913"]
[BlackElo "2350"]
[Annotator "NA"]
[PlyCount "81"]
[EventDate "2019.07.19"]
[EventType "swiss"]
[EventCountry "CZE"]
[SourceTitle "playchess.com"]
[Source "ChessBase"]
[SourceQuality "1"]

1. d4 Nf6 2. c4 g6 3. Nc3 d5 4. cxd5 Nxd5 5. e4 Nxc3 6. bxc3 Bg7 7. Qa4+ Nd7 8. Nf3 O-O 9. Be2 c5 10. O-O b6 11. Ba3 Qc7 12. Rfe1 e6 13. Rad1 Bb7 14. Bb5 Rfd8 15. Rb1 Nf6 16. dxc5 Rdc8 17. Ba6 Bxa6 18. Qxa6 Bf8 19. e5 Nd7 20. c6 Qxc6 21. Bxf8 Kxf8 22. Re3 Kg7 23. Qa3 Qc5 24. Qa4 Qe7 25. Qf4 Rc5 26. Rd1 Rac8 27. h4 Rxc3 28. h5 h6 29. hxg6 Rxe3 30. fxe3 fxg6 31. Rd6 Nc5 32. Nd4 h5 33. Qf3 Qf7 34. Qh3 Re8 35. Kh2 g5 36. Rc6 Re7 37. a4 g4 38. Qh4 Ne4 39. Rc1 Kh6 40. Kg1 Qg7 41. Nf5+ 1-0

[Event "Czech Open GM 2019"]
[Site "Pardubice"]
[Date "2019.07.20"]
[Round "2.46"]
[White "Jasny, Stanislav"]
[Black "Jirousek, Jan"]
[Result "1-0"]
[WhiteElo "2345"]
[BlackElo "1924"]
[Annotator "NA"]
[PlyCount "89"]
[EventDate "2019.07.19"]
[EventType "swiss"]
[EventCountry "CZE"]
[SourceTitle "playchess.com"]
[Source "ChessBase"]
[SourceQuality "1"]

1. e4 c6 2. d4 d5 3. e5 Bf5 4. Nf3 e6 5. a3 Qb6 6. Be2 c5 7. c4 Nc6 8. cxd5 exd5 9. dxc5 Bxc5 10. O-O Nge7 11. Nc3 Qd8 12. Na4 Bb6 13. Nxb6 axb6 14. Be3 O-O 15. Bd4 Bg4 16. h3 Bxf3 17. Bxf3 Nf5 18. Bc3 d4 19. Bd2 Nxe5 20. Bxb7 Ra7 21. Be4 Nd6 22. Bb4 Re8 23. Qxd4 Nxe4 24. Qxe4 Rd7 25. Bc3 Ng6 26. Qg4 f6 27. Rad1 Rxd1 28. Rxd1 Qb8 29. Rd7 Qf4 30. Rb7 Qc1+ 31. Kh2 Qf4+ 32. Qxf4 Nxf4 33. Rxb6 Nd5 34. Rc6 Re2 35. Bd4 Rd2 36. Rc4 Kf7 37. a4 Rd1 38. b4 Rb1 39. b5 Rb3 40. Rc5 Nf4 41. Rc7+ Kg6 42. Be3 Nd5 43. Rd7 Nb4 44. a5 Nd3 45. a6 1-0

[Event "Czech Open GM 2019"]
[Site "Pardubice"]
[Date "2019.07.20"]
[Round "2.47"]
[White "Bartos, Karel"]
[Black "Ter-Saakian, Grigorii"]
[Result "0-1"]
[WhiteElo "1901"]
[BlackElo "2338"]
[Annotator "NA"]
[PlyCount "124"]
[EventDate "2019.07.19"]
[EventType "swiss"]
[EventCountry "CZE"]
[SourceTitle "playchess.com"]
[Source "ChessBase"]
[SourceQuality "1"]

1. e4 d5 2. exd5 Qxd5 3. Nc3 Qd6 4. d4 Nf6 5. Nf3 c6 6. Ne5 Be6 7. Be2 g6 8. Bf4 Qd8 9. O-O Bg7 10. Qd2 O-O 11. Rad1 Nbd7 12. Rfe1 Nxe5 13. Bxe5 Qa5 14. Bf3 Rfe8 15. b3 Rad8 16. Na4 Qxd2 17. Rxd2 Bd5 18. Bxd5 Nxd5 19. Bxg7 Kxg7 20. c4 Nf4 21. Nc3 Rd7 22. Red1 Red8 23. g3 Ne6 24. Ne2 c5 25. d5 Nc7 26. Nc3 e6 27. Kf1 exd5 28. Nxd5 Kf8 29. Ke2 Nxd5 30. cxd5 Ke7 31. Kf3 Kd6 32. Rc1 Re8 33. h4 Re5 34. Rcd1 h5 35. Kg2 Rde7 36. Kf1 b5 37. f4 Re4 38. Kf2 a5 39. Rc1 Rd4 40. Rxd4 cxd4 41. Rc8 Kxd5 42. Rd8+ Kc5 43. a3 Re6 44. Rd7 f6 45. Rg7 f5 46. Rd7 a4 47. bxa4 bxa4 48. Rc7+ Kd5 49. Ra7 d3 50. Ra8 Kc5 51. Rc8+ Kd4 52. Rc7 d2 53. Rd7+ Kc3 54. Rc7+ Kb3 55. Rd7 Kc2 56. Rc7+ Kd1 57. Rc4 Re4 58. Rc3 Re2+ 59. Kf1 Re6 60. Kf2 Rb6 61. Rc4 Rb3 62. Rxa4 Kc2 0-1

[Event "Czech Open GM 2019"]
[Site "Pardubice"]
[Date "2019.07.20"]
[Round "2.48"]
[White "Krejci, Jan"]
[Black "Polatel, Ali"]
[Result "1-0"]
[WhiteElo "2578"]
[BlackElo "2241"]
[Annotator "ChessBase"]
[PlyCount "75"]
[EventDate "2019.07.19"]
[EventType "swiss"]
[EventCountry "CZE"]
[SourceTitle "playchess.com"]
[Source "ChessBase"]
[SourceQuality "1"]

1. c4 c6 2. Nf3 d5 3. e3 g6 4. d4 Nf6 5. Bd3 Bg7 6. O-O O-O 7. Nc3 Bg4 8. h3 Bxf3 9. Qxf3 e6 10. b4 Nbd7 11. Bb2 dxc4 12. Bxc4 Nd5 13. a3 Nxc3 14. Bxc3 e5 15. Rad1 exd4 16. Bxd4 Bxd4 17. Rxd4 Qe7 18. Rfd1 Nf6 19. g4 h6 20. h4 Qe5 21. Qf4 Qxf4 22. Rxf4 Kg7 23. Rd6 Nd5 24. Bxd5 cxd5 25. Rd7 b6 26. Kg2 g5 27. hxg5 hxg5 28. Rf5 Kg6 29. Rfxd5 Rfc8 30. R7d6+ f6 31. Rf5 Rf8 32. e4 Rac8 33. e5 Rc4 34. Kg3 Re4 35. Rdxf6+ Rxf6 36. exf6 Kf7 37. Rxg5 Kxf6 38. Rf5+ 1-0

[Event "Czech Open GM 2019"]
[Site "Pardubice"]
[Date "2019.07.20"]
[Round "2.49"]
[White "Basso, Pier Luigi"]
[Black "Hrabinska, Myroslava"]
[Result "1-0"]
[WhiteElo "2559"]
[BlackElo "2243"]
[Annotator "ChessBase"]
[PlyCount "75"]
[EventDate "2019.07.19"]
[EventType "swiss"]
[EventCountry "CZE"]
[SourceTitle "playchess.com"]
[Source "ChessBase"]
[SourceQuality "1"]

1. d4 d5 2. c4 e6 3. Nc3 Be7 4. Nf3 Nf6 5. Bf4 O-O 6. a3 b6 7. e3 Ba6 8. Nb5 Bxb5 9. cxb5 Nh5 10. Be5 f6 11. Bg3 Nxg3 12. hxg3 g6 13. Bd3 f5 14. g4 c5 15. bxc6 Nxc6 16. gxf5 exf5 17. b4 Bf6 18. O-O Qd6 19. Qb3 Kh8 20. Rac1 f4 21. Qa4 Rac8 22. Bb5 Ne7 23. Rxc8 Rxc8 24. exf4 Qxf4 25. Qxa7 Rc3 26. Be2 Nc6 27. Qf7 h6 28. Qxg6 Nxd4 29. Nxd4 Bxd4 30. Bd3 Rc7 31. g3 Qg5 32. Qe8+ Kg7 33. Kg2 Rf7 34. f4 Qf6 35. Re1 Rf8 36. Re7+ Kh8 37. Qd7 h5 38. Re8 1-0

[Event "Czech Open GM 2019"]
[Site "Pardubice"]
[Date "2019.07.20"]
[Round "2.50"]
[White "Babula, Vlastimil"]
[Black "Sikorova, Olga"]
[Result "1-0"]
[WhiteElo "2550"]
[BlackElo "2235"]
[Annotator "ChessBase"]
[PlyCount "65"]
[EventDate "2019.07.19"]
[EventType "swiss"]
[EventCountry "CZE"]
[SourceTitle "playchess.com"]
[Source "ChessBase"]
[SourceQuality "1"]

1. d4 Nf6 2. c4 g6 3. Nc3 Bg7 4. e4 d6 5. h3 O-O 6. Be3 e5 7. d5 a5 8. g4 Na6 9. Nge2 Nc5 10. Ng3 Nfd7 11. h4 Nb6 12. Be2 f6 13. h5 g5 14. h6 Bh8 15. Nf5 Bxf5 16. gxf5 Kf7 17. b3 Qd7 18. Kf1 Rfc8 19. Kg2 Qd8 20. Qc2 Nbd7 21. a3 b6 22. b4 Nb7 23. Qb2 Ke7 24. Bd1 Qf8 25. Ba4 Nd8 26. Bc6 Rab8 27. Qe2 Qf7 28. Nb5 Nxc6 29. dxc6 Nf8 30. Qd3 Ra8 31. Qd5 Qxd5 32. exd5 a4 33. c5 1-0

[Event "Czech Open GM 2019"]
[Site "Pardubice"]
[Date "2019.07.20"]
[Round "2.51"]
[White "Grigoriants, Sergey"]
[Black "Lederman, Leon"]
[Result "1/2-1/2"]
[WhiteElo "2547"]
[BlackElo "2238"]
[Annotator "ChessBase"]
[PlyCount "43"]
[EventDate "2019.07.19"]
[EventType "swiss"]
[EventCountry "CZE"]
[SourceTitle "playchess.com"]
[Source "ChessBase"]
[SourceQuality "1"]

1. e4 c5 2. Nf3 d6 3. c3 Nf6 4. h3 Nc6 5. Bd3 e5 6. Bc2 d5 7. exd5 Qxd5 8. Qe2 Be7 9. d3 O-O 10. O-O Bf5 11. Nh4 Be6 12. Nd2 Rad8 13. Re1 Rfe8 14. Ne4 Nxe4 15. dxe4 Qc4 16. Qxc4 Bxc4 17. Nf5 Bd3 18. Bb3 c4 19. Ba4 Bc5 20. Be3 Bf8 21. f3 Rb8 22. Rac1 1/2-1/2

[Event "Czech Open GM 2019"]
[Site "Pardubice"]
[Date "2019.07.20"]
[Round "2.52"]
[White "Lintchevski, Daniil"]
[Black "Gheng, Josef"]
[Result "1-0"]
[WhiteElo "2534"]
[BlackElo "2229"]
[Annotator "ChessBase"]
[PlyCount "161"]
[EventDate "2019.07.19"]
[EventType "swiss"]
[EventCountry "CZE"]
[SourceTitle "playchess.com"]
[Source "ChessBase"]
[SourceQuality "1"]

1. Nf3 Nf6 2. c4 e6 3. g3 d5 4. Bg2 dxc4 5. Qa4+ Bd7 6. Qxc4 Bc6 7. O-O Nbd7 8. d3 Bd6 9. Qc2 O-O 10. Nbd2 Re8 11. Nc4 Qc8 12. Na5 Bxf3 13. Bxf3 c6 14. Bd2 Nd5 15. a3 Ne5 16. Bg2 b6 17. Nc4 Nxc4 18. Qxc4 Qd7 19. d4 Rac8 20. Rac1 b5 21. Qd3 Nb6 22. Rc2 Nc4 23. Bc1 Red8 24. a4 Nb6 25. Bg5 f6 26. Be3 bxa4 27. Rfc1 Nd5 28. Bd2 Nb4 29. Bxb4 Bxb4 30. e3 c5 31. Qa6 Qe7 32. Qxa4 a5 33. dxc5 Kf7 34. c6 Rc7 35. Qb5 g6 36. Bf3 Rd6 37. Kg2 Qd8 38. h4 h5 39. Rc4 e5 40. R4c2 Kg7 41. Kh2 Qe7 42. Rd1 e4 43. Be2 f5 44. Kg2 Kf6 45. Rxd6+ Qxd6 46. Qc4 Kg7 47. Qb5 Kf6 48. Rc1 Kg7 49. Qb8 Qe7 50. b3 Bd6 51. Qb5 Qe5 52. Rd1 Qxb5 53. Bxb5 Be5 54. Rd8 Kf6 55. Rg8 Bd6 56. Kf1 Bb4 57. Ke2 Bd6 58. Ra8 Bb4 59. Ra6 Ke5 60. Rb6 Bd6 61. Rb7 Kf6 62. Kd2 Bb4+ 63. Kd1 Rc8 64. Rd7 Ke5 65. Ke2 Bd6 66. Ra7 Bb4 67. Kf1 Kf6 68. Ke2 Ke5 69. f3 exf3+ 70. Kxf3 Kf6 71. Ra6 Rc7 72. Bf1 Ke5 73. Bg2 Be1 74. Ke2 Bxg3 75. Rxa5+ Kf6 76. b4 Re7 77. b5 Bc7 78. Ra6 Kg7 79. b6 Bd6 80. Ra7 Kf6 81. c7 1-0

[Event "Czech Open GM 2019"]
[Site "Pardubice"]
[Date "2019.07.21"]
[Round "3.1"]
[White "Lalic, Bogdan"]
[Black "Laznicka, Viktor"]
[Result "1/2-1/2"]
[WhiteElo "2411"]
[BlackElo "2658"]
[Annotator "ChessBase"]
[PlyCount "70"]
[EventDate "2019.07.19"]
[EventType "swiss"]
[EventCountry "CZE"]
[SourceTitle "playchess.com"]
[Source "ChessBase"]
[SourceQuality "1"]

1. d4 f5 2. g3 Nf6 3. Bg2 g6 4. Nf3 Bg7 5. c4 O-O 6. O-O d6 7. Nc3 c6 8. b3 Na6 9. Bb2 Qc7 10. d5 e5 11. dxe6 Bxe6 12. Rc1 Rad8 13. Qc2 Qe7 14. Rfe1 Nc5 15. b4 Nce4 16. Nxe4 fxe4 17. Bxf6 Qxf6 18. Qxe4 Bf5 19. Qe3 Qb2 20. Qxa7 Qxb4 21. a3 Qb2 22. Qa5 Ra8 23. Qc7 Rfd8 24. Qe7 Rd7 25. Qh4 Qxa3 26. e4 Be6 27. Bh3 Bxh3 28. Qxh3 Re7 29. Ng5 Bf6 30. Qg4 Qc5 31. h4 Ra2 32. Re3 Bxg5 33. Qxg5 Qxg5 34. hxg5 Rf7 35. f3 Rd2 1/2-1/2

[Event "Czech Open GM 2019"]
[Site "Pardubice"]
[Date "2019.07.21"]
[Round "3.1"]
[White "Burian, Simon"]
[Black "Krejci, Jan"]
[Result "1/2-1/2"]
[WhiteElo "2049"]
[BlackElo "2578"]
[Annotator "ChessBase"]
[PlyCount "51"]
[EventDate "2019.07.19"]
[EventType "swiss"]
[EventCountry "CZE"]
[SourceTitle "playchess.com"]
[Source "ChessBase"]
[SourceQuality "1"]

1. e4 c5 2. Nf3 e6 3. d4 cxd4 4. Nxd4 a6 5. c4 Nf6 6. Nc3 Qc7 7. a3 b6 8. Be3 Bb7 9. f3 Be7 10. Rc1 O-O 11. Be2 d6 12. O-O Nbd7 13. Qd2 Rac8 14. b4 Qb8 15. Nb3 Bd8 16. Bf4 Ne5 17. Bxe5 dxe5 18. c5 Nh5 19. g3 h6 20. Qe1 g6 21. Kg2 f5 22. Bc4 Ng7 23. Qe2 b5 24. Bd3 Bc6 25. Rb1 g5 26. a4 1/2-1/2

[Event "Czech Open GM 2019"]
[Site "Pardubice"]
[Date "2019.07.21"]
[Round "3.2"]
[White "Movsesian, Sergei"]
[Black "Menezes, Christoph"]
[Result "1-0"]
[WhiteElo "2649"]
[BlackElo "2413"]
[Annotator "ChessBase"]
[PlyCount "77"]
[EventDate "2019.07.19"]
[EventType "swiss"]
[EventCountry "CZE"]
[SourceTitle "playchess.com"]
[Source "ChessBase"]
[SourceQuality "1"]

1. e4 c5 2. Nc3 d6 3. Nge2 Nf6 4. g3 Nc6 5. d4 cxd4 6. Nxd4 e5 7. Nde2 Be7 8. Bg2 O-O 9. O-O a6 10. h3 b5 11. Be3 Rb8 12. Qd2 Re8 13. g4 Bf8 14. Ng3 b4 15. Nce2 Ne7 16. Rfd1 Ng6 17. Nf5 Qc7 18. Neg3 h6 19. Rac1 Be6 20. c4 bxc3 21. Rxc3 Qa5 22. a3 Bb3 23. Rdc1 Qa4 24. Rc6 Be6 25. Qc2 Qxc2 26. R1xc2 Rec8 27. b4 Bd7 28. Rxc8 Rxc8 29. Rxc8 Bxc8 30. Ne2 Bb7 31. Nc3 Nf4 32. Bxf4 exf4 33. e5 Bxg2 34. exf6 Bxh3 35. f3 h5 36. Ne4 hxg4 37. Nf2 g6 38. Ne7+ Kh7 39. fxg4 1-0